000
00186nam a22000857a 4500
999
_c
23742
_d
23742
005
20250212123959.0
008
250212b ||||| |||| 00| 0 eng d
040
_c
sk
245
_a
Tretia ríša